000 00801nam a2200229Ii 4500
003 JO-AjNU
008 230605s9999||||xx |||||||||||||| ||und||
017 _a2003/13281
020 _a977-01-8667-8
040 _aJO-AjNU
_bara
_erda
_cJO-AjNU
041 _aara
050 1 4 _aPJ7832.A85.A17 2003
100 3 _aتأليف جويدة، فاروق,
_eauthor
_912770
245 0 0 _aمختارات من شعر فاروق جويدة: قصائد للوطن
264 3 1 _aالقاهرة:مكتبة الأسرة،2003 ؛ مهرجان القراءة للجميع 2003
300 _a340ص
336 _atext
_btxt
_2rdacontent
337 _aunmediated
_bn
_2rdamedia
338 _avolume
_bnc
_2rdacarrier
490 0 _aسلسلة الأعمال الإبداعية
650 4 _aالشعر العربي
_912771
999 _aA3003
_c6571
_d6571